Music Quiz

Random Music or Album Quiz

Mike Patton's discography Quiz Stats

 Plays Quiz not verified by Sporcle

Support Sporcle.
Go Orange.
Score 0/86 Timer 17:00
0 Plays Today
% Correct
Angel Dust
91.6%
Mr. Bungle
89.1%
Album of the Year
84.9%
The Real Thing
84%
King for a Day... Fool for a Lifetime
84%
California
84%
Tomahawk
78.2%
Disco Volante
75.6%
The Director's Cut
62.2%
Mit Gas
61.3%
Peeping Tom
60.5%
Anonymous
53.8%
Mondo Cane
48.7%
Suspended Animation
44.5%
Live at Brixton Academy
38.7%
Irony is a Dead Scene
33.6%
The Raging Wrath of the Easter Bunny
27.7%
Music to Make Love to Your Old Lady By
27.7%
General Patton vs. The X-Ecutioners
27.7%
Moonchild
25.2%
Adult Themes for Voice
24.4%
OU818
23.5%
Bowel of Chiley
21.8%
Roots
21.8%
Romances
19.3%
Goddammit I Love America
18.5%
A Perfect Place
18.5%
Pranzo Oltranzista
16.8%
Who Cares a Lot?
16%
% Correct
She
15.1%
Fantômas
13.4%
Astronome
13.4%
Six Litanies for Heliogabalus
13.4%
Weird Little Boy
11.8%
Hemophiliac
11.8%
Delìrium Còrdia
10.1%
Elegy
9.2%
I.A.O.
9.2%
Blood Rooted
9.2%
The Crybaby
9.2%
Auk
9.2%
The Stone
8.4%
Crudo
8.4%
Virginal Co Ordinates
8.4%
The Works
7.6%
Taboo & Exile
7.6%
The Big Gundown
7.6%
The Gift
7.6%
White People
7.6%
This Is It: The Best of Faith No More
6.7%
The Platinum Collection
6.7%
Voices in the Wilderness
6.7%
Burn or Bury
6.7%
Great Jewish Music
6.7%
Fear No Love
6.7%
Memory Is An Elephant
6.7%
Great Phone Calls
6.7%
Down with the scene
6.7%
% Correct
Epic and Other Hits
5.9%
Song Drapes
5.9%
Medúlla
5.9%
Carboniferous
5.9%
The Very Best Definitive Ultimate Greatest Hits Collection
5%
Charlie
5%
Broken
5%
Burner
4.2%
Wei-Wu-Wei
4.2%
New Heavy
4.2%
Transylvania
4.2%
AngelicA 97
3.4%
The End of the Fear of God
3.4%
Profanation
3.4%
Another Sound Is Dying
3.4%
Join The Q
3.4%
No Coração dos Deuses
2.5%
Crime and Dissonance
2.5%
Wishingbone
2.5%
Quero Saber
2.5%
Toto Angelica
1.7%
Oceanic Remixes
1.7%
Vein
1.7%
Umläut
1.7%
Naked City: The Complete Studio Recordings
0.8%
Tribus
-0.8%
Greatest Knockouts
-0.8%
Weather Underground
-0.8%

You're not logged in!

Compare scores with friends on all Sporcle quizzes.
OR
Log In

From the Vault

Where's My Border Gone? (Asia)

by SporcleEXP

I swear they were there a minute ago!
Remove Ads.
Support Sporcle.
Get the best of Sporcle when you Go Orange. This ad-free experience offers more features, more stats, and more fun while also helping to support Sporcle. Thank you for becoming a member.

Show Comments

Extras

Top Quizzes Today


Score Distribution

Your Account Isn't Verified!

In order to create a playlist on Sporcle, you need to verify the email address you used during registration. Go to your Sporcle Settings to finish the process.

Report this User

Report this user for behavior that violates our Community Guidelines.

Details: